00556nam a2200157Ia 4500008004100000020000700041082001800048100001500066245017900081250000800260260004300268300002800311500001900339600002000358650002000378240925s9999 xx 000 0 und d aNA a346.73043 ALI aZaka., Ali 4aThe Karachi Building & Town Planning Regulations 2002: ammended as karachi building & town planning regulations (AMDT)2004,karachi building & town planning regulations (AMDT) a1st aKarachi:bThe Ideal Publishersc,2006. axv,588p.bNAfPhotocopy aIncludes Index aSocial Sciences aSocial Sciences